BEE Conference The 7th Business & Entrepreneurial Economics 2022, 03-05 June, Plitvice Lakes, Croatia

Salvato in:
Dettagli Bibliografici
Ente Autore: BEE Conference. Business & Entrepreneurial Economics 2022
Altri autori: Kolaković, Marko, Horvatinović, Tin, Turčić, Ivan
Natura: Libro
Lingua:inglese
Pubblicazione: Zagreb University of Zagreb 2022
Edizione:1st Edition
Soggetti:
Tags: Aggiungi Tag
Nessun Tag, puoi essere il primo ad aggiungerne!!

MARC

LEADER 00000nam a2200000 4500
001 0287163
005 20240822101719.4
022 |a 2459-5225 
041 0 |a eng 
044 |a HR 
245 1 0 |a BEE Conference  |b The 7th Business & Entrepreneurial Economics 2022, 03-05 June, Plitvice Lakes, Croatia  |c Editors: Marko Kolaković, Tin Horvatinović, Ivan Turčić 
250 |a 1st Edition 
264 1 |a Zagreb  |b University of Zagreb  |c 2022 
300 |a [166] s. 
610 2 0 |a obchod 
610 2 0 |a podnikanie 
610 2 0 |a transformácia digitálna 
700 1 |a Kolaković, Marko 
700 1 |a Horvatinović, Tin 
700 1 |a Turčić, Ivan 
110 2 |a BEE Conference. Business & Entrepreneurial Economics 2022